00893cam a2200265 a 4500001000800000005001700008008004100025010001700066020001500083020002200098040001800120041001100138050002000149082002100169100004100190245005700231250001600288260004400304300002500348500004900373500002000422650002900442700006700471856008900538119286220200421093821.0971029s1997 enk 001 0 eng  a 97210005  a0415154189 a0415154197 (pbk.) aDLCcDLCdDLC0 aengdut00aPF112b.D6 199700a439.31/824212211 aDonaldson, B. C.q(Bruce C.),d1948-10aDutch :ba comprehensive grammar /cBruce Donaldson. a[Rev. ed.]. aLondon ;aNew York :bRoutledge,c1997. axi, 348 p. ;c25 cm. aRev. ed. of: Dutch references grammar. 1981. aIncludes index. 0aDutch languagexGrammar.1 aDonaldson, B. C.q(Bruce C.),d1948-tDutch reference grammar.423Publisher descriptionuhttp://www.loc.gov/catdir/enhancements/fy0649/97210005-d.html